000
00306nam a22001457a 4500
008
210531b ||||| |||| 00| 0 eng d
020
_a
9780328455676
041
_a
eng
080
_a
37
082
_a
37
100
_a
46
101
_a
EDU
245
_a
Reading Street
_c
Scott Foresman
942
_2
udc
_c
BK
999
_c
57820
_d
57820